00920nam a22002537a 45000010005000000030006000050050017000110080041000280400029000690500013000980820011001111000021001222450082001432500035002252600049002603000050003094900027003595050008003865200163003945210029005575210020005866500027006067000033006335537FISKH20241218094649.0241217b cb ||||| |||| 00| 0 eng d aFISKHbengcFISKHdFISKH aPZ10.H43 a813.54 aHenry,Marguerite aMisty of Chincoteague / cby Marguerite Henry : Illustrated by Wesley Dennis  aFirst paperback printing, 1970 aNew York :bRand McNally & Company ;c1947 . a173 pages : billustrations, maps ;c24 cm .  aMisty of Chincoteague  aS  aTwo youngsters' determination to own a Chincoteague pony is greatly increased when the Phantom and her colt are among those rounded up for the yearly auction.8 a790 bLexile estimate 8 aS bRaz-Plus  ahorse storiesvFiction aDennis, Wesleyeillustrator